Bengal marxism / (Record no. 87497)

MARC details
000 -LEADER
fixed length control field 00544nam a22001937a 4500
005 - DATE AND TIME OF LATEST TRANSACTION
control field 20140821110216.0
010 ## - LCCN (DPL NO)
LC control number ENG-110588
020 ## - INTERNATIONAL STANDARD BOOK NUMBER
Terms of availability 600.00
International Standard Book Number 9789381345023
035 ## - SYSTEM CONTROL NUMBER
System control number EN-94120
037 ## - SOURCE OF ACQUISITION
Source of stock number/acquisition DBAD/PUB
082 ## - DEWEY DECIMAL CLASSIFICATION NUMBER
Classification number 330.092
100 ## - MAIN ENTRY--PERSONAL NAME
Personal name Roy, Anuradha
245 ## - TITLE STATEMENT
Title Bengal marxism /
Statement of responsibility, etc by Anuradha Roy
260 ## - PUBLICATION, DISTRIBUTION, ETC. (IMPRINT)
Place of publication, distribution, etc New Delhi
Name of publisher, distributor, etc Rupa Publications
Date of publication, distribution, etc 2014
270 ## - ADDRESS
City New Delhi
Postal code 110002
Address 7/16, Ansari Road, Daryaganj
300 ## - PHYSICAL DESCRIPTION
Extent xii,216p.
Dimensions 23cm(Hb)
500 ## - GENERAL NOTE
General note Includes index
942 ## - ADDED ENTRY ELEMENTS (KOHA)
Source of classification or shelving scheme Dewey Decimal Classification
Item type English Books
Call number suffix ROY
Classification part 330.092
Holdings
Withdrawn status Lost status Not for loan Collection code Home library Current library Date acquired Source of acquisition Cost, normal purchase price Full call number Barcode Copy number Cost, replacement price Koha item type
    Not For Loan Non-fiction D.B.Act.Division D.B.Act.Division 30/07/2014 DBAD/PUB 600.00 330.092 ROY EN-94120 1 600.00 English Books

© Delhi Public Library
Hit Counter
free hit counter